书目信息 |
| 题名: |
技术的本质
|
|
| 作者: | 阿瑟 著 ;曹东溟 , 王健 译 | |
| 分册: | ||
| 出版信息: | 杭州 浙江科学技术出版社 2023 |
|
| 页数: | 23,259页 | |
| 开本: | 23cm | |
| 丛书名: | 典藏大师系列 | |
| 单 册: | ||
| 中图分类: | N0 | |
| 科图分类: | ||
| 主题词: | 技术学--研究 | |
| 电子资源: | ||
| ISBN: | 978-7-5739-0628-1 | |
| 000 | 01393nam0 2200313 450 | |
| 001 | 012484930 | |
| 005 | 20230822145505.0 | |
| 010 | @a978-7-5739-0628-1@b精装@dCNY89.90 | |
| 100 | @a20230822d2023 em y0chiy0120 ea | |
| 101 | 1 | @achi@ceng |
| 102 | @aCN@b330000 | |
| 105 | @aa z 000yy | |
| 106 | @ar | |
| 200 | 1 | @a技术的本质@9ji shu de ben zhi@dThe nature of technology@e技术是什么,它是如何进化的@f(美)布莱恩·阿瑟(W. Brian Arthur)著@g曹东溟,王健译@zeng |
| 210 | @a杭州@c浙江科学技术出版社@d2023 | |
| 215 | @a23,259页@c照片@d23cm | |
| 225 | 1 | @a典藏大师系列 |
| 300 | @a湛庐 | |
| 330 | @a选题为美国引进版权。布莱恩·阿瑟在本书中提出了递归性、组合进化、现象等新概念,对科学、技术、经济三者之间的关系提出了全新见解。书中清晰地阐明了技术的定义,阿瑟通过明晰、易懂的行文,引人入胜的例子,描述着在从石器到iPod的进化过程中,技术怎样“创造着它自己”,提出了技术自循环的进化律。在阿瑟的眼里,技术是“活生生”的,它有自己的“进化”方向,也有自己的“行事”逻辑,甚至技术自身“正在变为生物”。技术并非割裂人与自然的利刃,而是亲近自然、厚爱生命的新物种。 | |
| 461 | 0 | @12001 @a典藏大师系列 |
| 510 | 1 | @aNature of technology@zeng |
| 586 | @a | |
| 606 | 0 | @a技术学@x研究 |
| 690 | @aN0@v5 | |
| 701 | 0 | @c(美)@a阿瑟@9a se@c(Arthur, W.Brian)@4著 |
| 702 | 0 | @a曹东溟@9cao dong ming@4译 |
| 702 | 0 | @a王健@9wang jian@4译 |
| 801 | 0 | @aCN@c20230824 |
| 905 | @dN0@eA171@f1@sN0/A171@S@Z | |
| 技术的本质=The nature of technology:技术是什么,它是如何进化的/(美)布莱恩·阿瑟(W. Brian Arthur)著/曹东溟,王健译.-杭州:浙江科学技术出版社,2023 |
| 23,259页:照片;23cm.-(典藏大师系列) |
| 湛庐 |
| ISBN 978-7-5739-0628-1(精装):CNY89.90 |
| 选题为美国引进版权。布莱恩·阿瑟在本书中提出了递归性、组合进化、现象等新概念,对科学、技术、经济三者之间的关系提出了全新见解。书中清晰地阐明了技术的定义,阿瑟通过明晰、易懂的行文,引人入胜的例子,描述着在从石器到iPod的进化过程中,技术怎样“创造着它自己”,提出了技术自循环的进化律。在阿瑟的眼里,技术是“活生生”的,它有自己的“进化”方向,也有自己的“行事”逻辑,甚至技术自身“正在变为生物”。技术并非割裂人与自然的利刃,而是亲近自然、厚爱生命的新物种。 |
| ● |
| 相关链接 |
|
|
|
正题名:技术的本质
索取号:N0/A171
 
预约/预借
| 序号 | 登录号 | 条形码 | 馆藏地/架位号 | 状态 | 备注 |
| 1 | 21620116 | 216201161 | 自科库401/401自科库 136排2列1层/ [索取号:N0/A171] | 在馆 |